Postaci z Marvela po imieniu i nazwisku - Statystyki

Ogólne statystyki
  • Ten quiz został rozwiązany 603 razy
  • Średni wynik to 22 z 35
Statystyki odpowiedzi
Hint Odpowiedź % Poprawnych
Tony Stark Iron Man
99%
Bruce Banner Hulk
98%
Steve Rogers Kapitan Ameryka
98%
Natasha Romanoff Czarna Wdowa
97%
Peter Parker Spider Man
97%
Thor Odinson Thor
97%
Loki Laufeyson Loki
92%
T'Challa Czarna Pantera
91%
Clint Barton Hawkeye
91%
Stephen Strange Doktor Strange
90%
Scott Lang Ant Man
88%
Peter Quill Star Lord
82%
Carol Danvers Kapitan Marvel
80%
Hope van Dyne Osa
73%
Sam Wilson Falcon
72%
Matt Murdock Daredevil
69%
Wade Wilson Deadpool
64%
Eddie Brock Venom
63%
James "Logan" Howlett Wolverine
62%
James Barnes Zimowy Żołnierz
62%
Charles Xavier Profesor X
56%
James Rhodes War Machine
54%
Reed Richards Pan Fantastyczny
52%
Johnny Storm Ludzka Pochodnia
49%
Sue Storm Niewidzialna Kobieta
46%
Elektra Natchios Elektra
45%
Frank Castle Punisher
42%
Marc Spector Moon Knight
40%
Ororo Munroe Storm
36%
Scott Summers Cyclops
33%
Danny Rand Iron Fist
33%
Carl Lucas Luke Cage
30%
Ben Grimm Thing
30%
Kurt Wagner Nightcrawler
21%
Jessica Jones Jewel
8%
Nie znaleziono quizów pasujących do podanych kryteriów
Rozkład punktacji
Procent ludzi z każdym wynikiem
Percentyl według liczby udzielonych odpowiedzi
Twoja historia wyników
Nie rozwiązałeś tego quizu